000
00416nam a2200169Ia 4500
008
090711s9999 xx 000 0 und d
082
_b
25673
100
_a
पणीकर रजनी
245
_a
तहान
260
_c
1962
300
_a
216
600
_a
पणीकर रजनी
630
_a
तहान
700
_a
पणीकर रजनी
730
_a
तहान
942
_c
BOOK
999
_c
298575
_d
298575